Analisis psicológico del comportamiento económico
Guardat en:
| Autor principal: | |
|---|---|
| Format: | Llibre |
| Idioma: | espanyol |
| Publicat: |
Madrid
Rialp
1965
|
| Col·lecció: | Hombre y Sociedad
|
| Matèries: | |
| Etiquetes: |
Afegir etiqueta
Sense etiquetes, Sigues el primer a etiquetar aquest registre!
|
MARC
| LEADER | 00000nam a2200000 a 4500 | ||
|---|---|---|---|
| 001 | UCT8188 | ||
| 003 | CL-VaPUC | ||
| 008 | 970326e19650000SP |||||||||||||||||spa|d | ||
| 082 | 0 | 4 | |a 658.834 |b KAT |2 21 |
| 100 | 0 | |a Katona, George |e author |9 379745 | |
| 245 | 1 | 0 | |a Analisis psicológico del comportamiento económico |
| 300 | |a 480 p | ||
| 942 | |c BK | ||
| 945 | |d 19970326 00:00:00 |a nastorga | ||
| 260 | |a Madrid |b Rialp |c 1965 | ||
| 650 | 0 | |a Economía |9 255568 | |
| 650 | 0 | |a Análisis psicológico |9 345532 | |
| 650 | 0 | |a Microeconomía |9 258126 | |
| 650 | 7 | |a INDIVIDUO |2 CL-VaPUC |9 334576 | |
| 650 | 0 | |a Consumidores |9 315658 | |
| 650 | 7 | |a INGRESOS |2 CL-VaPUC |9 367979 | |
| 650 | 7 | |a GASTOS |2 CL-VaPUC |9 357995 | |
| 650 | 0 | |a Ahorro |9 351157 | |
| 650 | 0 | |a Consumo |9 333893 | |
| 650 | 0 | |a Empresa |9 350507 | |
| 650 | 0 | |a Producción |9 263680 | |
| 650 | 0 | |a Inversiones |9 345867 | |
| 650 | 0 | |a Inflación |9 257218 | |
| 650 | 0 | |a Política económica |9 255029 | |
| 583 | |a last modification |c 19970326 00:00:00 |k Rodrigo Vera | ||
| 490 | 0 | |a Hombre y Sociedad | |
| 999 | |c 256711 |d 256709 | ||
| 952 | |0 0 |1 0 |4 0 |6 658_834000000000000_KAT_1965 |7 0 |8 A |9 279618 |a BIBENE |b BIBENE |d 2019-11-19 |i 327697K |o 658.834 KAT 1965 |p 327697K |r 2025-01-15 |w 2019-11-19 |y BK |k ICO | ||